| 000 | 00472nam a2200193Ia 4500 | ||
|---|---|---|---|
| 003 | 0100 | ||
| 008 | 130303s9999 xx 000 0 und d | ||
| 020 | _a0894106406 | ||
| 040 | _cARRUPELIB | ||
| 050 | _aPR9379.9.A7Z96 | ||
| 245 | _aCritical perspectives on Ayi Kwei Armah | ||
| 260 | _bThree Continents Press | ||
| 260 | _C1992 | ||
| 300 | _a354p. | ||
| 300 | _b 22cm | ||
| 650 | _bIntercommunion Spiritual life | ||
| 700 | _aWright, Derek (ed.) | ||
| 942 | 0 | 0 | _01 |
| 999 |
_c19450 _d19450 |
||